Statistiques concernant Pokémon- Quelle région?

Cliquez ici pour prendre le quiz!

Statistiques générales

  • Ce quiz a été pris 29 fois
  • Le résultat moyen est 14 sur 15

Statistiques - réponses

La région...Réponse% Correct
...avec le Maître Pokémon le plus jeuneGalar
100%
...qui a une frontière avec une autre régionKanto/Johto
100%
...avec le plus de nouveau Pokémon introduitsUnys
100%
...qui a eu le plus de Champions d'Arène dans les jeuxUnys
100%
...avec le plus de Pokémon légendaires et fabuleux (sans compter les Ultra-Chimères)Unys
100%
...qui a le plus de ressortissants originaires de JohtoAlola
96%
...la plus aquatiqueHoenn
96%
...qui possède le plus de RoutesHoenn
96%
...qui a eu le droit à le plus de jeux se déroulant chez elleKanto
96%
...avec le plus de Pokémon avec une forme régionaleKanto
96%
...qui possède une institution jumelée à une institution d'UnysPaldea
92%
...qui a eu droit au plus d'épisodes dans l'animeSinnoh
92%
...avec le plus de RivauxKalos
88%
...avec le nom de ville le plus longKalos
88%
...la plus ancienne attestéeKalos
88%

Distribution des résultats

Percentile par nombre de réponses

% des personnes avec chaque résultat

Votre développement - résultats

Vous n’avez pas pris ce quiz